Marine conservation and international law : (Record no. 3035)

000 -LEADER
fixed length control field 03651cam a2200457 i 4500
006 - FIXED-LENGTH DATA ELEMENTS--ADDITIONAL MATERIAL CHARACTERISTICS--GENERAL INFORMATION
fixed length control field m o d
007 - PHYSICAL DESCRIPTION FIXED FIELD--GENERAL INFORMATION
fixed length control field cr cnu---unuuu
008 - FIXED-LENGTH DATA ELEMENTS--GENERAL INFORMATION
fixed length control field 220603t20232023enka ob 001 0 eng c
020 ## - INTERNATIONAL STANDARD BOOK NUMBER
International Standard Book Number 9781003275374
Qualifying information (electronic book)
020 ## - INTERNATIONAL STANDARD BOOK NUMBER
International Standard Book Number 1003275370
Qualifying information (electronic book)
020 ## - INTERNATIONAL STANDARD BOOK NUMBER
International Standard Book Number 9781000619119
Qualifying information (electronic book)
020 ## - INTERNATIONAL STANDARD BOOK NUMBER
International Standard Book Number 1000619117
Qualifying information (electronic book)
020 ## - INTERNATIONAL STANDARD BOOK NUMBER
International Standard Book Number 9781000619195
Qualifying information (electronic book)
020 ## - INTERNATIONAL STANDARD BOOK NUMBER
International Standard Book Number 1000619192
Qualifying information (electronic book)
020 ## - INTERNATIONAL STANDARD BOOK NUMBER
Qualifying information (hardback)
020 ## - INTERNATIONAL STANDARD BOOK NUMBER
Qualifying information (hardback)
020 ## - INTERNATIONAL STANDARD BOOK NUMBER
Qualifying information (paperback)
020 ## - INTERNATIONAL STANDARD BOOK NUMBER
Qualifying information (paperback)
040 ## - CATALOGING SOURCE
Original cataloging agency IMU Kochi Library
Language of cataloging eng
040 ## - CATALOGING SOURCE
Original cataloging agency IMU Kochi Library
Language of cataloging eng
Description conventions rda
-- pn
041 0# - LANGUAGE CODE
Language code of text/sound track or separate title eng
082 04 - DEWEY DECIMAL CLASSIFICATION NUMBER
Classification number 346.04/695616
Edition number 23/eng/20220531
100 1# - MAIN ENTRY--PERSONAL NAME
Personal name Lothian, Sarah Louise,
245 10 - TITLE STATEMENT
Title Marine conservation and international law :
Sub Title legal instruments for biodiversity beyond national jurisdiction /
260 ## - PUBLICATION, DISTRIBUTION, ETC. (IMPRINT)
Place of publication, distribution, etc London :
Name of publisher, distributor, etc Routledge,
Date of publication, distribution, etc 2023
300 ## - PHYSICAL DESCRIPTION
Extent 1 online resource (xvi, 304 pages) :
Other physical details illustrations
490 1# - SERIES STATEMENT
Series statement Routledge research in international environmental law
505 0# - FORMATTED CONTENTS NOTE
Formatted contents note The promise and limits of international legal protection of BBNJ -- The Grotian tradition and its place in the BBNJ negotiations -- Is it a case of history repeating itself? -- A principled backbone : the potential role of modern governance principles and approaches in an ILBI -- A blueprint for Blue Gold : the search for planks of compromise in an ILBI -- Caught in a geopolitical undertow : marine protected areas beyond national jurisdiction -- Environmental impact assessments : devising a recipe for environmentally sustainable decision-making under an ILBI -- Time to wake the sleeping giant : implementing capacity-building and marine technology transfer in an ILBI -- A bridge to the future protection of BBNJ.
520 ## - SUMMARY, ETC.
Summary, etc "This book provides a blueprint for an international legally binding instrument (ILBI) for the conservation and sustainable use of marine biodiversity beyond national jurisdiction (BBNJ). The development of an ILBI could signify a pivotal turning point in the law of the sea by addressing regulatory, governance and institutional gaps and deficiencies in the existing international law framework for BBNJ. This book analyses the essential components an ILBI will require to effectively conserve and sustainably use BBNJ, focusing on marine genetic resources, area based management tools, environmental impact assessments, capacity-building and marine technology transfer. It investigates potential areas of compromise, as the success of an ILBI will rely upon the support of a powerful bloc of maritime states, principally the United States, the United Kingdom, Russia, the Netherlands, France and Japan. This bloc of States has historically been the strongest proponent of the Grotian doctrine of freedom of the seas as it aligns with their predominant interest to preserve navigational freedom for their merchant and military fleets. Accordingly, this book assesses the extent to which the Grotian doctrine continues to exert influence on the development of the law of the sea and the development of an ILBI"--Publisher's description.
650 #0 - SUBJECT ADDED ENTRY--TOPICAL TERM
Topical term or geographic name as entry element Marine resources conservation
General subdivision Law and legislation.
650 #0 - SUBJECT ADDED ENTRY--TOPICAL TERM
Topical term or geographic name as entry element Marine biodiversity conservation
General subdivision Law and legislation.
650 #0 - SUBJECT ADDED ENTRY--TOPICAL TERM
Topical term or geographic name as entry element Law of the sea.
650 #0 - SUBJECT ADDED ENTRY--TOPICAL TERM
Topical term or geographic name as entry element Environmental law, International.
650 #0 - SUBJECT ADDED ENTRY--TOPICAL TERM
Topical term or geographic name as entry element Continental shelf
General subdivision Law and legislation.
830 #0 - SERIES ADDED ENTRY--UNIFORM TITLE
Uniform title Routledge research in international environmental law.
852 ## - LOCATION/CALL NUMBER
Location IMU Kochi Library
856 40 - ELECTRONIC LOCATION AND ACCESS
Uniform Resource Identifier <a href="https://www.taylorfrancis.com/books/e/9781003275374">https://www.taylorfrancis.com/books/e/9781003275374</a>
904 ## - LOCAL DATA ELEMENT D, LDD (RLIN)
CATALOGER Rudra Ranjan
905 ## - LOCAL DATA ELEMENT E, LDE (RLIN)
VERIFIER Rudra Ranjan
942 ## - ADDED ENTRY ELEMENTS (KOHA)
Item type E-Book

No items available.



Copyright © All Rights Reserved by Indian Maritime University, Kochi Campus.
For any Suggestions/Query Contact to library or Email: library.kochi@imu.ac.in Ph:(0484)-2989402
(Web OPAC Designed by Rudra Ranjan. Maintained by IMU Kochi Library)

Powered by Koha